书目信息 |
| 题名: |
画坛巨匠
|
|
| 作者: | 荷尔拜因 绘 ;荆成义 编著 | |
| 分册: | 荷尔拜因人物·素描 | |
| 出版信息: | 沈阳 辽宁美术出版社 2011.06 |
|
| 页数: | 71页 | |
| 开本: | 27cm | |
| 丛书名: | ||
| 单 册: | ||
| 中图分类: | J231 , J234(516) | |
| 科图分类: | ||
| 主题词: | 绘画--作品集--世界 , 素描--作品集--德国--中世纪 , 绘画 , 素描 | |
| 电子资源: | ||
| ISBN: | 978-7-5314-4931-7 | |
| 000 | 00948nam0 2200301 450 | |
| 001 | 004931313 | |
| 005 | 20140612094023.84 | |
| 010 | @a978-7-5314-4931-7@dCNY39.00 | |
| 100 | @a20110922d2011 em y0chiy50 ea | |
| 101 | 0 | @achi |
| 102 | @aCN@b210000 | |
| 105 | @aa z 000yy | |
| 106 | @ar | |
| 200 | 1 | @a画坛巨匠@9hua tan ju jiang@dPainting masters@i荷尔拜因人物·素描@f荆成义编著@zeng |
| 210 | @a沈阳@c辽宁美术出版社@d2011.06 | |
| 215 | @a71页@d27cm | |
| 330 | @a本书收录的作品包括:肖像;女人肖像;菲利普荷比;玛丽珠琪;安德烈夫人;尼齐拉斯等。 | |
| 510 | 1 | @aPainting masters@zeng |
| 606 | 0 | @a绘画@x作品集@y世界 |
| 606 | 0 | @a素描@x作品集@y德国@z中世纪 |
| 606 | 0 | @a绘画 |
| 606 | 0 | @a素描 |
| 690 | @aJ231@v4 | |
| 690 | @aJ234(516)@v4 | |
| 701 | 0 | @c(德)@a荷尔拜因@9he er bai yin@c(Holbein, Hans@f1497-1543)@4绘 |
| 702 | 0 | @a荆成义@9jing cheng yi@4编著 |
| 801 | 0 | @aCN@bNLC@c20110922 |
| 905 | @b549044-46@dJ231@e95:2@f3 | |
| 画坛巨匠=Painting masters.荷尔拜因人物·素描/荆成义编著.-沈阳:辽宁美术出版社,2011.06 |
| 71页;27cm |
| ISBN 978-7-5314-4931-7:CNY39.00 |
| 本书收录的作品包括:肖像;女人肖像;菲利普荷比;玛丽珠琪;安德烈夫人;尼齐拉斯等。 |
| ● |
| 相关链接 |
|
|
|
|
正题名:画坛巨匠
索取号:J231/95:2
 
预约/预借
| 序号 | 登录号 | 条形码 | 馆藏地/架位号 | 状态 | 备注 |
| 1 | 549044 | 205490440 | 第一样本阅览室/ [索取号:J231/95:2] | 在馆 | |
| 2 | 549045 | 205490459 | 第一借阅区/ [索取号:J231/95:2] | 在馆 | |
| 3 | 549046 | 205490468 | 第一借阅区/ [索取号:J231/95:2] | 在馆 |